[Event "First Saturday Tournaments GM 09 2012"]
[Site "Budapest"]
[Date "2012.09.01"]
[Round "1.3"]
[White "Lalic, Bogdan"]
[Black "Ashwin, Jayaram"]
[Result "1-0"]
[WhiteElo "2475"]
[BlackElo "2473"]
[PlyCount "78"]
[EventDate "2012.09.01"]

1. d4 d5 2. c4 c6 3. Nc3 Nf6 4. e3 g6 5. Nf3 Bg7 6. cxd5 cxd5 7. Bb5+ Bd7 8.
Qb3 Bxb5 9. Qxb5+ Qd7 10. Ne5 Qxb5 11. Nxb5 Na6 12. Ke2 Nd7 13. Nd3 Nb6 14. b3
Kd7 15. Bd2 Rhc8 16. Rac1 Rc6 17. a4 Nc8 18. Nc3 e6 19. b4 Rc4 20. b5 Nb8 21.
Nc5+ Kc7 22. Nb1 a6 23. Na3 axb5 24. Nxb5+ Kc6 25. Na3 Nd6 26. Nxc4 Nxc4 27.
Nd3 Kd7 28. Rxc4 dxc4 29. Nb2 Kc7 30. a5 Nc6 31. Nxc4 Rd8 32. Rb1 e5 33. a6
bxa6 34. dxe5 Rd5 35. f4 Bf8 36. Ra1 Kb7 37. Bc3 Rc5 38. Kd3 Rd5+ 39. Kc2 h5
1-0

[Event "First Saturday Tournaments GM 09 2012"]
[Site "Budapest"]
[Date "2012.09.01"]
[Round "1.5"]
[White "Flumbort, Andras Dr"]
[Black "Skytte, Rasmus"]
[Result "1/2-1/2"]
[WhiteElo "2503"]
[BlackElo "2398"]
[PlyCount "41"]
[EventDate "2012.09.01"]

1. Nf3 b6 2. c4 Bb7 3. Nc3 e6 4. g3 g6 5. Bg2 Bg7 6. d4 d6 7. O-O Ne7 8. e4 Nd7
9. d5 e5 10. Rb1 O-O 11. b4 a5 12. a3 Ba6 13. Qe2 h6 14. Bd2 f5 15. bxa5 bxa5
16. exf5 Nxf5 17. Nb5 Nc5 18. Be3 Na4 19. Bd2 Nc5 20. Be3 Na4 21. Bd2 1/2-1/2

[Event "First Saturday Tournaments GM 09 2012"]
[Site "Budapest"]
[Date "2012.09.02"]
[Round "2.1"]
[White "Konnyu, Janos"]
[Black "Skytte, Rasmus"]
[Result "0-1"]
[WhiteElo "2328"]
[BlackElo "2398"]
[PlyCount "78"]
[EventDate "2012.09.01"]

1. e4 e6 2. d4 d5 3. Nc3 Nf6 4. Bg5 Be7 5. e5 Nfd7 6. h4 h6 7. Bxe7 Qxe7 8. Qg4
O-O 9. f4 c5 10. Nf3 Nc6 11. O-O-O cxd4 12. Nb5 f6 13. Nbxd4 Nc5 14. Bd3 Bd7
15. Rhe1 f5 16. Qh3 Ne4 17. Rf1 Qc5 18. Nxc6 bxc6 19. Bxe4 fxe4 20. Nd4 Qe7 21.
Nb3 c5 22. Qe3 Rac8 23. c4 Ba4 24. cxd5 c4 25. Nd4 exd5 26. Rd2 c3 27. Rdf2
cxb2+ 28. Kb1 Rc4 29. Nb3 Rfc8 30. Rxb2 Bb5 31. Rd1 Rc3 32. Qd4 Bd3+ 33. Ka1
Qd7 34. Nd2 Kh8 35. Re1 Qg4 36. Qxd5 Qxh4 37. Rd1 Qxf4 38. e6 Qf6 39. Nb3 Rc2
0-1

[Event "First Saturday Tournaments GM 09 2012"]
[Site "Budapest"]
[Date "2012.09.02"]
[Round "2.2"]
[White "Kantor, Gergely"]
[Black "Flumbort, Andras Dr"]
[Result "1/2-1/2"]
[WhiteElo "2310"]
[BlackElo "2503"]
[PlyCount "47"]
[EventDate "2012.09.01"]

1. d4 Nf6 2. c4 g6 3. Nc3 d5 4. Nf3 Bg7 5. cxd5 Nxd5 6. e4 Nxc3 7. bxc3 c5 8.
Rb1 O-O 9. Be2 cxd4 10. cxd4 Qa5+ 11. Bd2 Qxa2 12. O-O Bg4 13. Be3 Nc6 14. d5
Na5 15. Bc5 b6 16. Bxe7 Rfe8 17. d6 Nc6 18. Bb5 Nxe7 19. Bxe8 Rxe8 20. dxe7 Qa3
21. h3 Bxf3 22. Qxf3 Qxf3 23. gxf3 Rxe7 24. Rbd1 1/2-1/2

[Event "First Saturday Tournaments GM 09 2012"]
[Site "Budapest"]
[Date "2012.09.03"]
[Round "3.2"]
[White "Lalic, Bogdan"]
[Black "Todorovic, Goran M"]
[Result "1/2-1/2"]
[WhiteElo "2475"]
[BlackElo "2502"]
[PlyCount "33"]
[EventDate "2012.09.01"]

1. d4 d5 2. c4 e6 3. Nf3 Nf6 4. Nc3 c6 5. Bg5 h6 6. Bxf6 Qxf6 7. Qc2 dxc4 8. e3
b5 9. a4 Bb7 10. axb5 cxb5 11. Nxb5 Bb4+ 12. Nc3 O-O 13. Be2 Nd7 14. O-O e5 15.
dxe5 Nxe5 16. Nxe5 Qxe5 17. Bxc4 1/2-1/2

[Event "First Saturday Tournaments GM 09 2012"]
[Site "Budapest"]
[Date "2012.09.03"]
[Round "3.3"]
[White "Johansson, Jan"]
[Black "Battey, Alexander"]
[Result "1/2-1/2"]
[WhiteElo "2410"]
[BlackElo "2364"]
[PlyCount "103"]
[EventDate "2012.09.01"]

1. d4 Nf6 2. Nf3 g6 3. c4 Bg7 4. Nc3 d6 5. Bg5 h6 6. Bf4 g5 7. Bd2 Bf5 8. g3
Nbd7 9. Bg2 c6 10. O-O O-O 11. h4 g4 12. Ne1 e5 13. d5 cxd5 14. cxd5 Nc5 15.
Nc2 h5 16. Bg5 Qd7 17. Bxf6 Bxf6 18. e4 Bg6 19. Ne3 Bg7 20. b4 Na6 21. a3 Bh6
22. Qd3 Rac8 23. Kh2 Qc7 24. Ne2 Rfe8 25. f3 Qb6 26. Nf5 Bxf5 27. exf5 Qe3 28.
Qd1 Qd2 29. Qxd2 Bxd2 30. Ra2 Be3 31. Rd1 Nb8 32. fxg4 hxg4 33. Rd3 Bb6 34. Nc3
Nd7 35. Ne4 Rc1 36. Rad2 Kg7 37. Rd1 Rxd1 38. Rxd1 Bc7 39. Rc1 Bb8 40. Kg1 Nf6
41. Nxf6 Kxf6 42. Be4 Re7 43. Rc8 Bc7 44. Kf1 Bb6 45. Rg8 Rc7 46. Rxg4 Rc3 47.
a4 Rc4 48. a5 Be3 49. Ke2 Bh6 50. b5 Ra4 51. Kf3 Ra3+ 52. Kg2 1/2-1/2

[Event "First Saturday Tournaments GM 09 2012"]
[Site "Budapest"]
[Date "2012.09.03"]
[Round "3.5"]
[White "Skytte, Rasmus"]
[Black "Kantor, Gergely"]
[Result "1/2-1/2"]
[WhiteElo "2398"]
[BlackElo "2310"]
[PlyCount "83"]
[EventDate "2012.09.01"]

1. d4 Nf6 2. Nf3 e6 3. e3 d5 4. Bd3 Bd6 5. O-O O-O 6. b3 b6 7. Bb2 Bb7 8. Ne5
Nbd7 9. Nd2 Ne4 10. f4 f5 11. Ndf3 Ndf6 12. Qe2 c5 13. c4 Qe7 14. cxd5 Bxd5 15.
Nc4 Bc7 16. Rac1 Rad8 17. Rfd1 Bb8 18. dxc5 Nxc5 19. Ba3 Qb7 20. Bxc5 bxc5 21.
Nce5 Qb6 22. Bc4 Ne4 23. Nd3 Rfe8 24. Nb2 Qa5 25. Na4 Re7 26. Nd2 Nf6 27. Bxd5
Rxd5 28. Nc3 Rd8 29. Nc4 Rxd1+ 30. Qxd1 Qa6 31. Qf3 Rd7 32. Rd1 Rxd1+ 33. Qxd1
Qc8 34. Qd3 Qd7 35. Qxd7 Nxd7 36. Na4 Kf7 37. Kf2 Bc7 38. Ke2 Kf6 39. g3 g5 40.
Kf3 gxf4 41. exf4 e5 42. fxe5+ 1/2-1/2

[Event "First Saturday Tournaments GM 09 2012"]
[Site "Budapest"]
[Date "2012.09.04"]
[Round "4.1"]
[White "Konnyu, Janos"]
[Black "Kantor, Gergely"]
[Result "1/2-1/2"]
[WhiteElo "2328"]
[BlackElo "2310"]
[PlyCount "66"]
[EventDate "2012.09.01"]

1. e4 e6 2. d4 d5 3. Nc3 Nf6 4. Bg5 dxe4 5. Nxe4 Nbd7 6. Nf3 h6 7. Nxf6+ Nxf6
8. Be3 Nd5 9. Bd3 Bd6 10. O-O O-O 11. c4 Nxe3 12. fxe3 c5 13. Bc2 Qc7 14. Qd3
g6 15. Rad1 e5 16. dxe5 Bxe5 17. Qd5 Bf6 18. Nd2 Be6 19. Qf3 Bxb2 20. Be4 Be5
21. Bxb7 Bxh2+ 22. Kh1 Rad8 23. Bd5 Bxd5 24. cxd5 Be5 25. Nc4 Bg7 26. d6 Qd7
27. Qd5 Rfe8 28. Rb1 Qe6 29. Qxe6 Rxe6 30. Rb7 Re4 31. Rfxf7 Bf8 32. Rf4 Rxf4
33. exf4 Bxd6 1/2-1/2

[Event "First Saturday Tournaments GM 09 2012"]
[Site "Budapest"]
[Date "2012.09.04"]
[Round "4.2"]
[White "Ashwin, Jayaram"]
[Black "Skytte, Rasmus"]
[Result "1/2-1/2"]
[WhiteElo "2473"]
[BlackElo "2398"]
[PlyCount "51"]
[EventDate "2012.09.01"]

1. Nf3 g6 2. e4 Bg7 3. d4 Nf6 4. e5 Ne4 5. Bd3 d5 6. c4 Bf5 7. cxd5 Qxd5 8. Qe2
Nc6 9. Bc4 Qa5+ 10. Nbd2 O-O-O 11. O-O Nxd4 12. Nxd4 Rxd4 13. Nb3 Qxe5 14. Nxd4
Qxd4 15. Rd1 Qc5 16. Be3 Qb4 17. Bd4 e5 18. a3 Qa5 19. b4 Qa4 20. Bb5 Qb3 21.
Bc4 Qa4 22. Bb2 Nd6 23. Rxd6 cxd6 24. Bb5 Qb3 25. Rc1+ Kb8 26. Bc4 1/2-1/2

[Event "First Saturday Tournaments GM 09 2012"]
[Site "Budapest"]
[Date "2012.09.04"]
[Round "4.3"]
[White "Battey, Alexander"]
[Black "Flumbort, Andras Dr"]
[Result "1/2-1/2"]
[WhiteElo "2364"]
[BlackElo "2503"]
[PlyCount "29"]
[EventDate "2012.09.01"]

1. d4 Nf6 2. c4 g6 3. Nf3 Bg7 4. g3 c5 5. Bg2 O-O 6. O-O d6 7. Nc3 Nc6 8. dxc5
dxc5 9. Be3 Be6 10. Ng5 Bxc4 11. Qa4 Ne5 12. Bxc5 Nfd7 13. Ba3 Nb6 14. Qc2 Nc6
15. Rfd1 1/2-1/2

[Event "First Saturday Tournaments GM 09 2012"]
[Site "Budapest"]
[Date "2012.09.04"]
[Round "4.5"]
[White "Toth, Ervin"]
[Black "Lalic, Bogdan"]
[Result "0-1"]
[WhiteElo "2473"]
[BlackElo "2475"]
[PlyCount "96"]
[EventDate "2012.09.01"]

1. d4 d5 2. c4 dxc4 3. e4 e5 4. Nf3 Bb4+ 5. Bd2 Bxd2+ 6. Nbxd2 exd4 7. Bxc4 Qf6
8. e5 Qg6 9. Qa4+ Nc6 10. Nxd4 Nge7 11. Nxc6 Nxc6 12. Bd5 Bd7 13. Qf4 O-O-O 14.
O-O Bh3 15. Be4 Qg4 16. Qe3 Rxd2 17. Qxd2 Qxe4 18. gxh3 Nd4 19. f4 Nf3+ 20.
Rxf3 Qxf3 21. Qf2 Qxh3 22. Qxa7 Qg4+ 23. Kh1 Qf3+ 24. Kg1 b6 25. Rf1 Qe4 26.
Qa3 Rd8 27. Qf3 Qxf3 28. Rxf3 Rd2 29. Rf2 Rd3 30. Kf1 Kd7 31. Ke2 Rh3 32. f5
Ke7 33. Kd2 g6 34. fxg6 fxg6 35. a4 Ke6 36. Re2 c5 37. Kc2 g5 38. b3 g4 39. Kb2
h5 40. Ka3 Rd3 41. a5 bxa5 42. Ka4 Rd5 43. Kb5 Rxe5 44. Ra2 h4 45. Kc4 g3 46.
hxg3 hxg3 47. Rxa5 Kf5 48. Ra8 Kg4 0-1

[Event "First Saturday Tournaments GM 09 2012"]
[Site "Budapest"]
[Date "2012.09.05"]
[Round "5.4"]
[White "Skytte, Rasmus"]
[Black "Battey, Alexander"]
[Result "1/2-1/2"]
[WhiteElo "2398"]
[BlackElo "2364"]
[PlyCount "56"]
[EventDate "2012.09.01"]

1. e4 e6 2. d4 d5 3. Nc3 Bb4 4. exd5 exd5 5. Bd3 c6 6. Qh5 Nf6 7. Qh4 Be7 8.
Nge2 Nbd7 9. Qg3 O-O 10. h4 b5 11. h5 Kh8 12. h6 g6 13. Bf4 b4 14. Bc7 Qe8 15.
Na4 Ne4 16. Bxe4 dxe4 17. O-O-O Ba6 18. Rhe1 Bb5 19. Nc5 Nxc5 20. dxc5 Bxc5 21.
Bd6 Bxd6 22. Qxd6 Qe6 23. Qxe6 fxe6 24. Ng3 Bc4 25. Nxe4 Bd5 26. f3 Rf5 27. Nd6
Rf4 28. Ne4 Rf5 1/2-1/2

[Event "First Saturday Tournaments GM 09 2012"]
[Site "Budapest"]
[Date "2012.09.07"]
[Round "6.3"]
[White "Todorovic, Goran M"]
[Black "Skytte, Rasmus"]
[Result "1-0"]
[WhiteElo "2502"]
[BlackElo "2398"]
[PlyCount "75"]
[EventDate "2012.09.01"]

1. e4 e6 2. d4 d5 3. Nd2 Nf6 4. e5 Nfd7 5. c3 c5 6. Bd3 Nc6 7. Ne2 cxd4 8. cxd4
f6 9. exf6 Nxf6 10. O-O Bd6 11. Nf3 O-O 12. Bf4 Nh5 13. Bxd6 Qxd6 14. Nc3 Nf4
15. Re1 Bd7 16. Bf1 Be8 17. Ne5 Qb4 18. Nxc6 bxc6 19. Qd2 Rb8 20. b3 Bd7 21. g3
Nh5 22. Bh3 Rfe8 23. Re5 Nf6 24. Rae1 c5 25. dxc5 Qxc5 26. Ne2 Qc8 27. Nf4 Rb6
28. Qd4 Kf7 29. Nd3 Rc6 30. Rg5 Kf8 31. Ne5 Ra6 32. Qf4 Qd8 33. Re3 Rxa2 34.
Rxg7 Kxg7 35. Qg5+ Kf8 36. Rf3 Ke7 37. Qxf6+ Kd6 38. Nf7+ 1-0

f7+) 32. Qf4 Qd8
33. Re3 Ra6 34. Rxg7 Kxg7 35. Qg5+ Kf8 36. Rf3 Qe7 1-0

[Event "First Saturday Tournaments GM 09 2012"]
[Site "Budapest"]
[Date "2012.09.07"]
[Round "6.4"]
[White "Toth, Ervin"]
[Black "Flumbort, Andras Dr"]
[Result "0-1"]
[WhiteElo "2473"]
[BlackElo "2503"]
[PlyCount "68"]
[EventDate "2012.09.01"]

1. d4 Nf6 2. c4 g6 3. f3 d5 4. cxd5 Nxd5 5. e4 Nb6 6. Nc3 Bg7 7. Be3 O-O 8. Qd2
Nc6 9. O-O-O f5 10. h4 fxe4 11. h5 gxh5 12. Rxh5 Bf5 13. Rg5 Bg6 14. Be2 e5 15.
d5 Nd4 16. fxe4 c6 17. Nf3 cxd5 18. Nxe5 Nxe2+ 19. Qxe2 Bxe5 20. Rxe5 Qf6 21.
Bd4 Qf4+ 22. Kb1 dxe4 23. Re7 Rf7 24. Rxf7 Qxf7 25. Ka1 Qe6 26. Qe3 Rd8 27. Qh6
Qe7 28. Ne2 Nd5 29. a3 e3 30. Re1 b6 31. Ng3 Nb4 32. axb4 Rxd4 33. Qh3 Qe8 34.
b3 Rd2 0-1

[Event "First Saturday Tournaments GM 09 2012"]
[Site "Budapest"]
[Date "2012.09.07"]
[Round "6.5"]
[White "Lalic, Bogdan"]
[Black "Johansson, Jan"]
[Result "1-0"]
[WhiteElo "2475"]
[BlackElo "2410"]
[PlyCount "57"]
[EventDate "2012.09.01"]

1. d4 Nf6 2. Nf3 c5 3. d5 b5 4. Bg5 d6 5. e4 Qa5+ 6. Qd2 b4 7. Bxf6 gxf6 8. Bd3
Bg4 9. Nh4 Nd7 10. h3 Bh5 11. f4 Bh6 12. Nf5 Bf8 13. Na3 Bg6 14. Nc4 Qc7 15.
Nh4 h5 16. O-O f5 17. Nxg6 fxg6 18. exf5 gxf5 19. Bxf5 Bg7 20. Bxd7+ Qxd7 21.
Rae1 O-O-O 22. Re6 Bd4+ 23. Kh2 Qb7 24. Qe2 Rh7 25. c3 bxc3 26. bxc3 Bf6 27.
Qd3 Rg7 28. Rb1 Rdg8 29. g4 1-0

[Event "First Saturday Tournaments GM 09 2012"]
[Site "Budapest"]
[Date "2012.09.08"]
[Round "7.3"]
[White "Skytte, Rasmus"]
[Black "Toth, Ervin"]
[Result "1-0"]
[WhiteElo "2398"]
[BlackElo "2473"]
[PlyCount "97"]
[EventDate "2012.09.01"]

1. d4 Nf6 2. Nf3 g6 3. c4 Bg7 4. Nc3 O-O 5. Bf4 d6 6. h3 Nh5 7. Bh2 f5 8. e3 c6
9. Be2 Na6 10. Nd2 Nf6 11. O-O c5 12. Nb3 Qb6 13. Rc1 Bd7 14. Bf3 Rac8 15. Qe2
Kh8 16. Rfd1 cxd4 17. exd4 Rfe8 18. Bf4 e5 19. dxe5 dxe5 20. Be3 Qb4 21. Nd5
Nxd5 22. Bxd5 Bc6 23. Bxa7 f4 24. f3 Qa4 25. Nc5 Nxc5 26. Bxc5 Bxd5 27. cxd5 e4
28. b4 b6 29. d6 Qd7 30. Bxb6 Rxc1 31. Rxc1 Qxd6 32. Bc5 Qc6 33. fxe4 Rxe4 34.
Qf3 h5 35. b5 Qe6 36. b6 Qc6 37. Be3 Qe6 38. Bf2 Qe5 39. Rb1 Bf8 40. b7 Bd6 41.
Rd1 Rb4 42. Qc6 Bc7 43. Re1 Qg7 44. Bc5 Rc4 45. Qd5 Qc3 46. Re8+ Kh7 47. Qg8+
Kh6 48. Bf8+ Kg5 49. Be7+ 1-0

[Event "First Saturday Tournaments GM 09 2012"]
[Site "Budapest"]
[Date "2012.09.08"]
[Round "7.5"]
[White "Ashwin, Jayaram"]
[Black "Battey, Alexander"]
[Result "1-0"]
[WhiteElo "2473"]
[BlackElo "2364"]
[PlyCount "101"]
[EventDate "2012.09.01"]

1. d4 Nf6 2. c4 g6 3. Nc3 d5 4. Nf3 Bg7 5. Qa4+ Bd7 6. Qb3 dxc4 7. Qxc4 Bc6 8.
Ne5 O-O 9. Bg5 Nfd7 10. Nxc6 Nxc6 11. e3 h6 12. Bh4 g5 13. Bg3 e5 14. dxe5
Ndxe5 15. Qb5 a6 16. Qb3 Qd6 17. Be2 Qb4 18. Qxb4 Nxb4 19. O-O-O Rad8 20. a3
Ned3+ 21. Kb1 Nxb2 22. Kxb2 Nd5 23. Rxd5 Rxd5 24. Rc1 Rd2+ 25. Rc2 Rfd8 26. Kb3
c5 27. Bc7 R8d7 28. Bb6 Rxc2 29. Kxc2 Rd6 30. Bxc5 Rc6 31. Bd4 b5 32. Bf3 Rc7
33. Kd3 Rd7 34. Bc6 Rd6 35. Bd5 a5 36. e4 Bxd4 37. Kxd4 b4 38. Nb5 Rf6 39. axb4
axb4 40. f3 Ra6 41. Kc5 Kg7 42. Kxb4 Ra1 43. Nd6 f6 44. Nf5+ Kg6 45. Kc5 Ra6
46. h4 h5 47. Bc6 Ra2 48. Be8+ Kh7 49. hxg5 fxg5 50. Bxh5 Rxg2 51. Kd6 1-0

[Event "First Saturday Tournaments GM 09 2012"]
[Site "Budapest"]
[Date "2012.09.09"]
[Round "8.1"]
[White "Konnyu, Janos"]
[Black "Battey, Alexander"]
[Result "1/2-1/2"]
[WhiteElo "2328"]
[BlackElo "2364"]
[PlyCount "37"]
[EventDate "2012.09.01"]

1. e4 c6 2. d4 d5 3. Nd2 dxe4 4. Nxe4 Bf5 5. Ng3 Bg6 6. Nf3 Nd7 7. Bc4 Ngf6 8.
Qe2 e6 9. O-O Be7 10. Bb3 O-O 11. Re1 Nd5 12. a3 Re8 13. c4 N5f6 14. Bg5 Qb6
15. Ba2 a5 16. Rad1 c5 17. d5 exd5 18. cxd5 Bd6 19. Qd2 1/2-1/2

[Event "First Saturday Tournaments GM 09 2012"]
[Site "Budapest"]
[Date "2012.09.09"]
[Round "8.2"]
[White "Todorovic, Goran M"]
[Black "Ashwin, Jayaram"]
[Result "1/2-1/2"]
[WhiteElo "2502"]
[BlackElo "2473"]
[PlyCount "34"]
[EventDate "2012.09.01"]

1. e4 e5 2. Nf3 Nc6 3. Bb5 a6 4. Ba4 Nf6 5. O-O b5 6. Bb3 Bc5 7. c3 d6 8. d4
Bb6 9. dxe5 Nxe5 10. Nxe5 dxe5 11. Qxd8+ Kxd8 12. Bxf7 Rf8 13. Bd5 Nxd5 14.
exd5 Bb7 15. Be3 Bxe3 16. fxe3 Rxf1+ 17. Kxf1 Bxd5 1/2-1/2

[Event "First Saturday Tournaments GM 09 2012"]
[Site "Budapest"]
[Date "2012.09.09"]
[Round "8.3"]
[White "Toth, Ervin"]
[Black "Kantor, Gergely"]
[Result "1-0"]
[WhiteElo "2473"]
[BlackElo "2310"]
[PlyCount "113"]
[EventDate "2012.09.01"]

1. d4 Nf6 2. c4 e6 3. Nc3 Bb4 4. f3 O-O 5. a3 Bxc3+ 6. bxc3 Nh5 7. g3 d6 8. e4
e5 9. Nh3 Nc6 10. d5 Na5 11. Nf2 Re8 12. f4 Nf6 13. f5 Nd7 14. Be3 Nb6 15. Qg4
Kh8 16. Qh5 Nbxc4 17. Bxc4 Nxc4 18. Bc1 f6 19. g4 Rf8 20. g5 fxg5 21. Bxg5 Qe8
22. Qh4 Qf7 23. Rg1 c6 24. O-O-O cxd5 25. f6 g6 26. exd5 b5 27. Ne4 Bf5 28. Bh6
Bxe4 29. Bg7+ Kg8 30. Qxe4 Rfc8 31. h4 Nxa3 32. Qb4 a5 33. Qxa3 b4 34. Qa4
Rxc3+ 35. Kb1 Rac8 36. h5 Ra3 37. hxg6 hxg6 38. Rh1 Qb7 39. Qc2 Kf7 40. Rh7
Rxc2 41. Bh6+ Ke8 42. Rxb7 Rf2 43. Rh1 Rb3+ 44. Kc1 Ra3 45. Kd1 Rxf6 46. Bg5
Ra1+ 47. Bc1 b3 48. Ke2 Ra2+ 49. Bd2 Rc2 50. Rh8+ Rf8 51. Rb8+ Ke7 52. Rh7+ Rf7
53. Rb7+ Ke8 54. Rhxf7 b2 55. Rh7 Rxd2+ 56. Kxd2 b1=N+ 57. Ke3 1-0

[Event "First Saturday Tournaments GM 09 2012"]
[Site "Budapest"]
[Date "2012.09.09"]
[Round "8.4"]
[White "Lalic, Bogdan"]
[Black "Skytte, Rasmus"]
[Result "1/2-1/2"]
[WhiteElo "2475"]
[BlackElo "2398"]
[PlyCount "22"]
[EventDate "2012.09.01"]

1. Nf3 d5 2. d4 e6 3. c4 c5 4. cxd5 exd5 5. g3 Nc6 6. Bg2 Nf6 7. O-O Be7 8.
dxc5 Bxc5 9. Bg5 O-O 10. Nc3 d4 11. Bxf6 Qxf6 1/2-1/2

[Event "First Saturday Tournaments GM 09 2012"]
[Site "Budapest"]
[Date "2012.09.09"]
[Round "8.5"]
[White "Johansson, Jan"]
[Black "Flumbort, Andras Dr"]
[Result "1-0"]
[WhiteElo "2410"]
[BlackElo "2503"]
[PlyCount "79"]
[EventDate "2012.09.01"]

1. d4 Nf6 2. Nf3 g6 3. c4 Bg7 4. Nc3 d5 5. Bg5 dxc4 6. e4 c5 7. d5 b5 8. e5 b4
9. Na4 Nxd5 10. Bxc4 Nb6 11. Qxd8+ Kxd8 12. Nxb6 axb6 13. Bxf7 Nc6 14. Bd5 Bb7
15. O-O-O Kc7 16. Kb1 Rad8 17. Bf4 h6 18. h4 Rhf8 19. Bg3 Na5 20. Bxb7 Kxb7 21.
h5 g5 22. Nh2 Nc6 23. Ng4 Nd4 24. Rhe1 Nf5 25. Bh2 Nh4 26. Ne3 Rxd1+ 27. Rxd1
Rxf2 28. Rd7+ Ka6 29. Rxe7 Nxg2 30. Ng4 Rf1+ 31. Kc2 Bf8 32. Re8 Ne1+ 33. Kd2
Nf3+ 34. Ke3 Bg7 35. Bg3 Nd4 36. Bf2 Rb1 37. Ke4 Rxb2 38. Bxd4 cxd4 39. Rg8
Rxa2 40. Ra8+ 1-0

[Event "First Saturday Tournaments GM 09 2012"]
[Site "Budapest"]
[Date "2012.09.10"]
[Round "9.2"]
[White "Skytte, Rasmus"]
[Black "Johansson, Jan"]
[Result "1/2-1/2"]
[WhiteElo "2398"]
[BlackElo "2410"]
[PlyCount "39"]
[EventDate "2012.09.01"]

1. e4 d6 2. Nc3 e5 3. Bc4 Nc6 4. Nf3 Be7 5. d4 Bg4 6. h3 Bxf3 7. Qxf3 Nf6 8. d5
Nd4 9. Qd1 O-O 10. O-O c6 11. a4 a6 12. dxc6 bxc6 13. Be3 Ne6 14. a5 Nc7 15.
Bb6 Qc8 16. Qe2 Nb5 17. Na4 Rb8 18. Rfd1 g6 19. c3 Kg7 20. Rd2 1/2-1/2

[Event "First Saturday Tournaments GM 09 2012"]
[Site "Budapest"]
[Date "2012.09.10"]
[Round "9.3"]
[White "Kantor, Gergely"]
[Black "Lalic, Bogdan"]
[Result "1/2-1/2"]
[WhiteElo "2310"]
[BlackElo "2475"]
[PlyCount "65"]
[EventDate "2012.09.01"]

1. d4 Nf6 2. c4 g6 3. Nc3 d5 4. Nf3 Bg7 5. cxd5 Nxd5 6. e4 Nxc3 7. bxc3 c5 8.
Rb1 O-O 9. Be2 b6 10. O-O Qc7 11. Bg5 Nc6 12. Rc1 h6 13. Be3 Rd8 14. Qd2 Kh7
15. d5 e6 16. Bf4 e5 17. Bg3 f5 18. exf5 Bxf5 19. Rfd1 Be4 20. d6 Qf7 21. Qe3
Bd5 22. c4 Bxf3 23. Bxf3 Rac8 24. Bg4 Rb8 25. d7 h5 26. Qe4 Nd4 27. Bh3 Nf5 28.
Bxf5 gxf5 29. Qc6 Qf6 30. Qf3 Qf7 31. Qc6 Qf6 32. Qf3 Qf7 33. Qc6 1/2-1/2

[Event "First Saturday Tournaments GM 09 2012"]
[Site "Budapest"]
[Date "2012.09.10"]
[Round "9.4"]
[White "Ashwin, Jayaram"]
[Black "Toth, Ervin"]
[Result "1/2-1/2"]
[WhiteElo "2473"]
[BlackElo "2473"]
[PlyCount "66"]
[EventDate "2012.09.01"]

1. d4 Nf6 2. c4 g6 3. Nc3 Bg7 4. e4 d6 5. Be2 O-O 6. Bg5 Na6 7. Qd2 c5 8. d5
Nc7 9. h3 a6 10. a4 Rb8 11. Nf3 b5 12. axb5 axb5 13. cxb5 Bd7 14. e5 Nfe8 15.
Ra7 f6 16. exf6 exf6 17. Bh6 Rf7 18. O-O Nxb5 19. Bxb5 Bxb5 20. Nxb5 Rxb5 21.
Rfa1 Nc7 22. Bxg7 Kxg7 23. Qc3 Kg8 24. Nd2 Rb8 25. Ne4 Nb5 26. Rxf7 Kxf7 27.
Qg3 Kg7 28. Qf4 Rb6 29. Ra8 Qxa8 30. Qxf6+ Kg8 31. Qe6+ Kh8 32. Qf6+ Kg8 33.
Qe6+ Kh8 1/2-1/2

[Event "First Saturday Tournaments GM 09 2012"]
[Site "Budapest"]
[Date "2012.09.10"]
[Round "9.5"]
[White "Battey, Alexander"]
[Black "Todorovic, Goran M"]
[Result "0-1"]
[WhiteElo "2364"]
[BlackElo "2502"]
[PlyCount "106"]
[EventDate "2012.09.01"]

1. d4 d5 2. c4 e6 3. Nc3 c6 4. e4 Bb4 5. e5 c5 6. a3 Bxc3+ 7. bxc3 Ne7 8. Nf3
Nbc6 9. Bd3 cxd4 10. cxd4 dxc4 11. Bxc4 b5 12. Bd3 Bb7 13. Rb1 a6 14. O-O h6
15. Re1 Nd5 16. Qd2 Rc8 17. Re4 Na5 18. Rg4 g5 19. h4 Nc3 20. Rb2 Nc4 21. Bxc4
Rxc4 22. hxg5 hxg5 23. Qxg5 Qxg5 24. Bxg5 Rg8 25. Nh2 Ra4 26. Rb3 Ne2+ 27. Kf1
Nxd4 28. Rd3 Bd5 29. Rdxd4 Rxd4 30. Rxd4 Rxg5 31. Ng4 Kd8 32. f3 a5 33. Ke1 Kc7
34. Kd2 Kb6 35. Kc3 Rg8 36. Ne3 Kc5 37. Rf4 Rg5 38. Rxf7 Rxe5 39. Nxd5 exd5 40.
g4 Re3+ 41. Kb2 Re2+ 42. Kb1 Kc4 43. g5 Rg2 44. Rf4+ d4 45. Rg4 Rxg4 46. fxg4
Kd5 47. g6 Ke6 48. g5 Ke7 49. Kc2 b4 50. axb4 axb4 51. Kb3 d3 52. Kb2 Kf8 53.
Kc1 b3 0-1